[Event "Titled Tue 3rd Jun Early"]
[Site "chess.com INT"]
[Date "2025.06.03"]
[Round "11"]
[White "Herrera Ortiz, Miguel"]
[Black "Cordoba Roa, Angel Gabriel"]
[Result "1-0"]
[WhiteTitle "IM"]
[BlackTitle "FM"]
[WhiteElo "2174"]
[BlackElo "2394"]
[WhiteFideId "5100550"]
[BlackFideId "3957624"]
[EventDate "2025.06.03"]

1. e4 c5 2. Nf3 d6 3. c3 Nf6 4. Be2 g6 5. O-O Bg7 6. Bb5+ Bd7 7. Bxd7+ Nfxd7 8.
Re1 O-O 9. d4 cxd4 10. cxd4 Nc6 11. Nc3 Rb8 12. a4 a6 13. d5 Nce5 14. Nd4 Nc4
15. b3 Qb6 16. Nce2 Nce5 17. h3 Nc5 18. Be3 Ned3 19. Rf1 Rfc8 20. Rb1 Nb4 21.
Ng3 Qd8 22. Qd2 Qb6 23. Rfd1 Ra8 24. Bh6 Bh8 25. Ndf5 Rc7 26. Qg5 Re8 27. h4
Ncd3 28. Rd2 Rc2 29. Rxc2 Nxc2 30. Nxe7+ Rxe7 31. Qxe7 Qxf2+ 32. Kh2 Qxg3+ 33.
Kxg3 Be5+ 34. Kg4 f5+ 35. exf5 gxf5+ 36. Kxf5 Nd4+ 37. Ke4 Nc5+ 38. Ke3 Nf5+ 39.
Kf3 Nxe7 40. b4 Nxa4 41. Rc1 Nc3 42. Kg4 Kf7 43. Rf1+ Ke8 44. Rf8+ Kd7 45. Rf7
Nxd5 46. Bg5 Ke6 47. Rxh7 Nxb4 48. h5 Nbd5 49. h6 Nf6+ 50. Bxf6 Bxf6 51. Kh5 a5
52. g4 a4 53. g5 Bxg5 54. Kxg5 Nf5 55. Rxb7 Nxh6 56. Kxh6 Kd5 57. Kg5 Kc4 58.
Kf4 a3 59. Ke3 Kc3 60. Ra7 Kb2 61. Kd2 a2 62. Rb7+ Ka1 63. Kc2 d5 64. Rh7 1-0

[Event "Titled Tue 3rd Jun Early"]
[Site "chess.com INT"]
[Date "2025.06.03"]
[Round "11"]
[White "Swara Lakshmi S Nair"]
[Black "Omariev, Maksim"]
[Result "1-0"]
[WhiteTitle "WCM"]
[BlackTitle "FM"]
[WhiteElo "2178"]
[BlackElo "2304"]
[WhiteFideId "25629239"]
[BlackFideId "4193423"]
[EventDate "2025.06.03"]

1. e4 c5 2. Nf3 d6 3. d4 cxd4 4. Nxd4 Nf6 5. Nc3 a6 6. h3 e6 7. g4 Qc7 8. Bg2
Nfd7 9. Be3 b5 10. e5 Bb7 11. exd6 Qc8 12. Bxb7 Qxb7 13. Qf3 Qxf3 14. Nxf3 Bxd6
15. O-O-O Bb4 16. Ne4 O-O 17. Kb1 Nf6 18. Nxf6+ gxf6 19. Bd4 Be7 20. Nd2 Nc6 21.
Be3 Rfd8 22. Ne4 Ne5 23. b3 Kg7 24. f4 Nf3 25. Rdf1 Nh4 26. f5 Rd5 27. g5 Rxf5
28. gxf6+ Bxf6 29. Rhg1+ Ng6 30. Nxf6 Kxf6 31. Bg5+ Ke5 32. Rxf5+ Kxf5 33. h4 e5
34. Rf1+ Nf4 35. c4 bxc4 36. bxc4 Rc8 37. Rc1 f6 38. Bxf4 Ke6 39. Be3 Kf5 40.
Bb6 Ke4 41. c5 Rc6 42. Kc2 f5 43. Re1+ Kf4 44. Kd3 Rh6 45. Rh1 Kg3 46. a4 Kg2
47. Re1 e4+ 48. Ke3 Rxh4 49. c6 Rh3+ 50. Kd4 Rd3+ 51. Kc4 Rd6 52. Kc5 Rxc6+ 53.
Kxc6 h5 54. Kd5 h4 55. Ke5 h3 56. Kxf5 e3 57. Bxe3 h2 58. Ke6 a5 59. Kd5 Kf3 60.
Kc5 h1=Q 61. Rxh1 Ke2 62. Kb5 Kd3 63. Kxa5 Kc4 64. Kb6 Kd5 65. a5 Ke4 66. a6 Kd5
67. a7 Ke4 68. a8=Q+ Kd3 69. Qd5+ Ke2 70. Rh2+ Ke1 71. Qh1# 1-0

[Event "Titled Tue 3rd Jun Early"]
[Site "chess.com INT"]
[Date "2025.06.03"]
[Round "11"]
[White "Gadzhiev, Ruslan"]
[Black "Rosen, Eric"]
[Result "1/2-1/2"]
[WhiteTitle "CM"]
[BlackTitle "IM"]
[WhiteElo "2169"]
[BlackElo "2377"]
[WhiteFideId "55671926"]
[BlackFideId "2032562"]
[EventDate "2025.06.03"]

1. e4 c5 2. Nf3 Nc6 3. d4 cxd4 4. Nxd4 g6 5. Nc3 Bg7 6. Be3 Nf6 7. Bc4 d6 8. Bb3
Ng4 9. Nxc6 bxc6 10. Bd2 O-O 11. O-O Ne5 12. h3 Ba6 13. Re1 Nc4 14. Bxc4 Bxc4
15. b3 Be6 16. Rb1 Qc7 17. Ne2 d5 18. Nf4 Qd6 19. Qe2 dxe4 20. Nxe6 Qxe6 21.
Qxe4 Qxe4 22. Rxe4 Rfd8 23. Be3 e6 24. Rc4 Rd6 25. Kf1 f5 26. Ke2 Kf7 27. Rd1
Rxd1 28. Kxd1 Rc8 29. Bxa7 Ra8 30. Ra4 e5 31. Bb6 Rxa4 32. bxa4 Ke6 33. a5 Kd7
34. a6 Kc8 35. f3 e4 36. Ke2 Bh6 37. Be3 exf3+ 38. Kxf3 Bf8 39. Bb6 Bd6 40. Ke3
h5 41. Kd4 g5 42. Kc4 g4 43. Kd3 Be5 44. Kc4 Bd6 45. Kd4 Kb8 46. Bc5 Bc7 47. a4
Ka8 48. a5 Bh2 49. Kc4 Bc7 50. Bb6 Bh2 51. Kc5 f4 52. hxg4 hxg4 53. Kxc6 f3 54.
gxf3 gxf3 55. Bf2 Bb8 56. c4 Ba7 57. c5 Bb8 58. Kd5 Ka7 59. Ke4 Kxa6 60. Kxf3
Kxa5 61. c6 Kb5 62. Ba7 Bc7 63. Ke4 Kxc6 1/2-1/2

[Event "Titled Tue 3rd Jun Early"]
[Site "chess.com INT"]
[Date "2025.06.03"]
[Round "11"]
[White "Gales, Randi-Ioan"]
[Black "Silva, Luca"]
[Result "1/2-1/2"]
[WhiteTitle "CM"]
[BlackTitle "FM"]
[WhiteElo "2290"]
[BlackElo "2227"]
[WhiteFideId "1285360"]
[BlackFideId "147370"]
[EventDate "2025.06.03"]

1. d4 d5 2. c4 e6 3. Nc3 a6 4. cxd5 exd5 5. a3 Nf6 6. Bg5 Be6 7. e3 Nbd7 8. Bd3
Bd6 9. Nge2 c5 10. h3 h6 11. Bf4 Be7 12. O-O O-O 13. Bc2 Rc8 14. dxc5 Nxc5 15.
Nd4 Qd7 16. Qe2 Nce4 17. Nxe4 Nxe4 18. Rfd1 Bf6 19. Rac1 Qe7 20. Nxe6 Qxe6 21.
Bb3 Rxc1 22. Rxc1 g5 23. Bh2 Rd8 24. Rd1 Nc5 25. Ba2 Qf5 26. Bb1 Qe6 27. Qc2 Ne4
28. f3 Rc8 29. Qd3 Nc5 30. Qh7+ Kf8 31. Qxh6+ Ke7 32. Qh7 Qxe3+ 33. Kf1 Ne6 34.
Bg1 Qf4 35. Qd3 Rc1 36. b4 Rxd1+ 37. Qxd1 d4 38. Bf2 Qh2 39. Be4 b5 40. Qe2 Qc7
41. Bg1 Qc1+ 42. Qe1 Qxa3 43. Bd5 Qc3 44. Bxe6 fxe6 45. Qe2 Qxb4 46. Qd3 Qc4 47.
Ke2 Kd6 48. Bf2 Kd5 49. Kd2 Qxd3+ 50. Kxd3 a5 51. Be1 b4 52. g3 Kc5 53. h4 gxh4
54. gxh4 Bxh4 55. Bxh4 a4 56. Bf6 b3 57. Bxd4+ Kb4 58. Kd2 a3 59. Kc1 Kc4 60.
Bf6 Kd3 61. Be7 Ke3 62. Bxa3 Kxf3 63. Kb2 e5 64. Kxb3 e4 65. Bc5 e3 66. Bxe3 1/2-1/2

[Event "Titled Tue 3rd Jun Early"]
[Site "chess.com INT"]
[Date "2025.06.03"]
[Round "11"]
[White "Calvo Gonzalez, Jose Felix"]
[Black "Ersoz, Teoman Guney"]
[Result "0-1"]
[WhiteTitle "CM"]
[BlackTitle "CM"]
[WhiteElo "2168"]
[BlackElo "2090"]
[WhiteFideId "54505615"]
[BlackFideId "44537050"]
[EventDate "2025.06.03"]

1. e4 c5 2. Nf3 e6 3. d4 cxd4 4. Nxd4 a6 5. Nc3 Qc7 6. f4 Nc6 7. Be3 Bb4 8. Qg4
g6 9. Bd3 Nf6 10. Qh4 Be7 11. Qf2 Ng4 12. Qf3 Nxe3 13. Qxe3 Bc5 14. Nxe6 dxe6
15. Qxc5 Qxf4 16. Rf1 Qxh2 17. O-O-O Qe5 18. Nd5 exd5 19. exd5 Qg5+ 20. Kb1 f6
21. Qd6 Ne5 22. Rde1 Rf8 23. Rxf6 Qxf6 24. Qc7 Be6 25. dxe6 Qxe6 26. Rxe5 Qxe5
27. Qxe5+ Kd7 28. b3 Rae8 29. Qg7+ Kc8 30. Qd4 Rd8 31. Qc5+ Kb8 32. Qe5+ Ka8 33.
Qg7 Rfe8 34. Qxh7 g5 35. Qg6 Rg8 36. Qf5 g4 37. Qe4 g3 38. Bxa6 Rd7 39. Bd3 Rgd8
40. Qa4+ Kb8 41. Be4 Rd4 42. Qb5 Rxe4 43. Qb6 Re1+ 44. Kb2 Red1 45. Qf6 R1d6 46.
Qf4 Kc7 47. Qxg3 Kc6 48. Qc3+ Kd7 49. g4 Rc6 50. Qd4+ Kc7 51. Qg7+ Kc8 52. Qe5
Rd2 53. Qf5+ Kc7 54. g5 Rg2 55. Qf7+ Kb8 56. Qf8+ Ka7 57. Qa3+ Ra6 58. Qc5+ Ka8
59. Qc8+ Ka7 60. Qc5+ Kb8 61. a4 Rc6 62. Qe5+ Ka7 63. Qe4 Rxg5 0-1

[Event "Titled Tue 3rd Jun Early"]
[Site "chess.com INT"]
[Date "2025.06.03"]
[Round "11"]
[White "Filindash, Nikita"]
[Black "Sickmann, Lisa"]
[Result "0-1"]
[WhiteTitle "CM"]
[BlackTitle "WFM"]
[WhiteElo "2198"]
[BlackElo "1970"]
[WhiteFideId "34159983"]
[BlackFideId "16267818"]
[EventDate "2025.06.03"]

1. d4 Nf6 2. c4 g6 3. Nc3 Bg7 4. e4 d6 5. Nf3 Nbd7 6. Be2 e5 7. O-O O-O 8. Qc2
exd4 9. Nxd4 Re8 10. Be3 Nc5 11. f3 a5 12. Kh1 a4 13. Rad1 Bd7 14. Ndb5 Bxb5 15.
Nxb5 Nfd7 16. a3 f5 17. Bxc5 Nxc5 18. exf5 gxf5 19. Bd3 Nxd3 20. Qxd3 Qd7 21.
Qd5+ Qf7 22. Qxf7+ Kxf7 23. Nxc7 Bxb2 24. Nxa8 Rxa8 25. Rxd6 Bxa3 26. Rd7+ Ke6
27. Rxb7 Bc5 28. Rb2 a3 29. Ra2 Rb8 30. h4 Ke5 31. Kh2 Kd4 32. Rfa1 Kxc4 33.
Rc2+ Kd5 34. Rd1+ Kc6 35. Rdc1 Rb5 36. Ra1 Kd5 37. Rd1+ Kc6 38. Rdc1 Ra5 39. Ra2
Kd5 40. Rc3 Kd4 41. Rc1 Kd3 42. Kh3 Be3 43. Rb1 Kc3 44. g4 fxg4+ 45. Kxg4 h5+
46. Kh3 Bf4 47. Rb7 Bd6 48. Rb6 Bb4 49. Ra1 a2 50. Rxb4 Kxb4 51. Kg3 Kc3 52. Kf4
Kb2 53. Rh1 a1=Q 54. Rxa1 Kxa1 55. Ke4 Kb2 56. f4 Kc3 57. f5 Kc4 58. f6 Kc5 59.
Ke5 Kc6+ 60. Ke6 Ra1 61. f7 Re1+ 62. Kf6 Rf1+ 63. Ke7 Kd5 64. f8=Q Rxf8 65. Kxf8
Ke6 66. Kg7 Kf5 67. Kf7 Kg4 68. Ke6 Kxh4 69. Ke5 Kg3 70. Ke4 Kg2 71. Ke3 h4 72.
Ke2 h3 0-1

[Event "Titled Tue 3rd Jun Early"]
[Site "chess.com INT"]
[Date "2025.06.03"]
[Round "11"]
[White "Zhigalko, Sergei"]
[Black "Aronian, Levon"]
[Result "1/2-1/2"]
[WhiteTitle "GM"]
[BlackTitle "GM"]
[WhiteElo "2572"]
[BlackElo "2747"]
[WhiteFideId "13502956"]
[BlackFideId "13300474"]
[EventDate "2025.06.03"]

1. e4 e6 2. d4 d5 3. e5 c5 4. c3 Nc6 5. Nf3 Qb6 6. Bd3 cxd4 7. O-O Bd7 8. a3 Rc8
9. Re1 Nh6 10. h3 a6 11. Nbd2 dxc3 12. bxc3 Bc5 13. Qe2 Nf5 14. Bxf5 exf5 15.
Rb1 Qc7 16. Nb3 Be7 17. Bg5 Be6 18. a4 O-O 19. Qe3 Rfe8 20. Bxe7 Qxe7 21. Nbd4
Nxd4 22. cxd4 Rc4 23. a5 h6 24. Rb6 Rec8 25. Reb1 R8c7 26. Qb3 Rc1+ 27. Kh2 Rxb1
28. Qxb1 Qd7 29. Qb4 Qc8 30. Rd6 Rc6 31. Nd2 Qc7 32. Nb3 Kh7 33. Rxc6 Qxc6 34.
Nc5 Bc8 35. Kg1 Qb5 36. Qxb5 axb5 37. Kf1 Kg8 38. Ke2 Kf8 39. Kd3 Ke7 40. Kc3
Kd8 41. Kb4 f4 42. Kxb5 Kc7 43. h4 g5 44. hxg5 hxg5 45. g3 fxg3 46. fxg3 Bf5 47.
Kb4 Bg4 48. Nd3 Bf5 49. Nb2 Kc6 50. Na4 Bc8 51. Nc5 Bf5 52. Na4 Bc8 53. Nc3 Bf5
54. Nd1 Be6 55. Ne3 Bd7 56. Nf1 Be6 57. Nd2 Bg4 58. Nb1 Bf5 59. Nc3 Be6 60. Nd1
Bf5 61. Ne3 Bh3 62. Nd1 Bf5 63. Nb2 Bd7 64. Na4 Be6 65. Nc5 Bf5 66. Kc3 Bc8 67.
Kb4 Bf5 1/2-1/2

[Event "Titled Tue 3rd Jun Early"]
[Site "chess.com INT"]
[Date "2025.06.03"]
[Round "11"]
[White "Nakonechnyi, Oleksii"]
[Black "Vafin, Ayrat"]
[Result "0-1"]
[WhiteTitle "CM"]
[BlackTitle "FM"]
[WhiteElo "2224"]
[BlackElo "2302"]
[WhiteFideId "34173714"]
[BlackFideId "4146530"]
[EventDate "2025.06.03"]

1. e4 e5 2. Nf3 Nf6 3. Nxe5 d6 4. Nf3 Nxe4 5. Nc3 Nxc3 6. dxc3 Be7 7. Bd3 Nc6 8.
Be3 Be6 9. Qd2 Qd7 10. a3 Bf6 11. O-O-O O-O-O 12. Nd4 Nxd4 13. cxd4 d5 14. f3
Bf5 15. g4 Bxd3 16. Qxd3 g6 17. h4 Rhe8 18. Rde1 Re7 19. Bd2 Rde8 20. h5 Rxe1+
21. Rxe1 Rxe1+ 22. Bxe1 Qe6 23. Bd2 a6 24. c3 Kd7 25. Kc2 b5 26. a4 Qc6 27. axb5
axb5 28. Qe3 Bg7 29. Qf4 Qe6 30. Kd1 Bf8 31. Kc2 Bg7 32. Qg5 Bf8 33. Kd1 Bg7 34.
hxg6 hxg6 35. Bf4 Bf8 36. Be5 Bd6 37. f4 Be7 38. f5 Bxg5 39. fxe6+ fxe6 40. Ke2
c6 41. Kd3 Bc1 42. b3 Ke7 43. Bg7 Kf7 44. Be5 Bg5 45. Bd6 Be7 46. Be5 Ke8 47.
Bg7 Kd7 48. Be5 Bd6 49. Bf6 Ke8 50. Bg5 Kf7 51. Bh4 Kg7 52. Bg5 Kf7 53. Bh4 e5
54. dxe5 Bxe5 55. Bg5 Ke6 56. Be3 Bf6 57. Bf4 Bg7 58. Bg3 Be5 59. Bh4 c5 60. Bd8
c4+ 61. Kc2 Bf6 62. Bc7 Be5 63. Bd8 Bd6 64. Bh4 Bf4 65. Bd8 Ke5 66. bxc4 bxc4
67. Kd1 Ke4 68. Ke2 Be5 69. Kd2 Kf4 70. g5 Ke4 71. Kc2 Bf4 0-1

[Event "Titled Tue 3rd Jun Early"]
[Site "chess.com INT"]
[Date "2025.06.03"]
[Round "11"]
[White "Reprintsev, Alexander"]
[Black "Munoz Ramos, Christopher"]
[Result "0-1"]
[WhiteTitle "IM"]
[BlackTitle "FM"]
[WhiteElo "2256"]
[BlackElo "2133"]
[WhiteFideId "14100541"]
[BlackFideId "3439615"]
[EventDate "2025.06.03"]

1. e4 c5 2. b3 d6 3. Bb2 Nc6 4. Bb5 Bd7 5. Ne2 Nf6 6. f3 g6 7. Nbc3 Bg7 8. Nd5
O-O 9. Nxf6+ exf6 10. O-O f5 11. Bxg7 Kxg7 12. Bxc6 bxc6 13. Ng3 fxe4 14. Nxe4
Qe7 15. Re1 d5 16. Nf2 Qd6 17. d4 Rae8 18. Qd2 cxd4 19. Qxd4+ f6 20. Nd3 Bf5 21.
Qxa7+ Rf7 22. Qc5 Qd7 23. Rxe8 Qxe8 24. Re1 Qd7 25. a4 Bxd3 26. cxd3 Qf5 27. Qe3
c5 28. Rc1 d4 29. Qe4 Qg5 30. Rd1 Kf8 31. h4 Qh6 32. Kh2 Re7 33. Qg4 g5 34. Kg3
gxh4+ 35. Qxh4 Rg7+ 36. Kh3 Qg6 37. Rd2 Qf5+ 38. Kh2 Rg5 39. Qe4 Qd7 40. Re2 Re5
41. Qa8+ Kg7 42. Re4 Rxe4 43. Qxe4 Qc7+ 44. f4 h6 45. Kg3 Qd7 46. a5 Qa7 47. Qe1
Kg6 48. Kf2 Kg7 49. g4 Kf7 50. Kg3 Qb7 51. Qd1 Qb5 52. g5 hxg5 53. Qh5+ Ke6 54.
Qg4+ Kf7 55. fxg5 Qxa5 56. gxf6 Kxf6 57. Qf4+ Ke6 58. Qh6+ Kd5 59. Qg5+ Kc6 60.
Qf6+ Kb5 61. Qe6 Qc7+ 62. Kf3 Qc6+ 63. Ke2 Qxe6+ 0-1

[Event "Titled Tue 3rd Jun Early"]
[Site "chess.com INT"]
[Date "2025.06.03"]
[Round "11"]
[White "Mayaud, Raphael"]
[Black "Guerra Tulcan, Lenin"]
[Result "0-1"]
[WhiteTitle "CM"]
[BlackTitle "IM"]
[WhiteElo "2126"]
[BlackElo "2310"]
[WhiteFideId "627151"]
[BlackFideId "3601382"]
[EventDate "2025.06.03"]

1. d4 e6 2. Nf3 c5 3. e3 cxd4 4. exd4 b6 5. Bd3 Nf6 6. O-O d6 7. c4 Be7 8. Nc3
O-O 9. b3 a6 10. Bb2 Bb7 11. Qe2 Nbd7 12. Rfd1 Re8 13. Rac1 Bf8 14. Bb1 Rc8 15.
h3 Qc7 16. Ng5 h6 17. Nge4 Nxe4 18. Nxe4 Qb8 19. Qd3 Bxe4 20. Qxe4 Nf6 21. Qf3
b5 22. c5 d5 23. b4 a5 24. a3 axb4 25. axb4 Qc7 26. Bd3 Qc6 27. Qe2 Rb8 28. Ra1
Rb7 29. Ra5 Reb8 30. Rda1 Ne8 31. Bc1 Nc7 32. Bc2 Be7 33. Qd3 f5 34. Qg3 Bf6 35.
Bb2 Rc8 36. Bd3 Rbb8 37. Qe3 Ra8 38. g4 Rxa5 39. Rxa5 fxg4 40. hxg4 Rf8 41. Bc2
Kf7 42. Ra7 Ra8 43. Qa3 Rxa7 44. Qxa7 Bd8 45. Bd3 Ke7 46. Kg2 Kd7 47. Bc1 Kc8
48. Bf4 Bf6 49. Be5 Bxe5 50. dxe5 Qb7 51. Qxb7+ Kxb7 52. f4 Kc6 53. f5 exf5 54.
gxf5 Na6 55. f6 gxf6 56. exf6 Kd7 57. c6+ Ke6 58. Bxb5 Nc7 59. Ba4 Kxf6 60. b5
Na8 61. Kf3 Ke5 62. Kg4 Kd4 63. Kh5 Kc5 64. Kxh6 Kb4 65. Bc2 Kxb5 66. Bd1 d4 67.
Kg5 Nc7 68. Kf4 Kxc6 69. Ke4 Kc5 70. Bb3 Nb5 71. Kd3 Nd6 72. Bg8 Nf5 73. Ba2 Ne7
74. Bf7 Nc6 75. Bb3 Nb4+ 76. Kd2 Kd6 77. Bc4 Ke5 78. Bd3 Nd5 79. Bc4 Nf4 0-1

[Event "Titled Tue 3rd Jun Early"]
[Site "chess.com INT"]
[Date "2025.06.03"]
[Round "11"]
[White "Haug, Havard"]
[Black "Aarav Sinha"]
[Result "0-1"]
[WhiteTitle "FM"]
[BlackTitle "FM"]
[WhiteElo "2354"]
[BlackElo "2255"]
[WhiteFideId "1547887"]
[BlackFideId "25674064"]
[EventDate "2025.06.03"]

1. d4 Nf6 2. Bg5 d5 3. e3 e6 4. Nd2 Be7 5. Bd3 h6 6. Bh4 O-O 7. f4 c5 8. c3 cxd4
9. exd4 Qc7 10. Bxf6 Bxf6 11. g3 b6 12. Ngf3 Ba6 13. Qe2 Bxd3 14. Qxd3 Nc6 15.
O-O Ne7 16. Ne5 h5 17. Rae1 Nf5 18. Ndf3 g6 19. Kg2 Kg7 20. Ng5 Qe7 21. h4 Bxe5
22. fxe5 Qd7 23. Rxf5 exf5 24. e6 Qe7 25. Qe3 f6 26. Nf7 Rxf7 27. exf7 Qxe3 28.
Rxe3 Kxf7 29. Kf2 Re8 30. Rd3 Re4 31. b3 f4 32. c4 fxg3+ 33. Kxg3 Ke6 34. c5
bxc5 35. dxc5 d4 36. Rf3 Re3 37. Rxe3+ dxe3 38. Kf3 Kd5 39. b4 a5 40. a3 axb4
41. axb4 g5 42. Kxe3 g4 43. Kf4 f5 44. Kg3 Kc6 45. Kf2 f4 46. Kg2 Kd5 47. Kg1 f3
48. Kf1 g3 49. Kg1 Ke4 50. c6 f2+ 51. Kg2 Ke3 52. c7 Ke2 53. Kxg3 f1=Q 54. c8=Q
Qf3+ 55. Kh2 Qf4+ 56. Kg2 Qe4+ 0-1

[Event "Titled Tue 3rd Jun Early"]
[Site "chess.com INT"]
[Date "2025.06.03"]
[Round "11"]
[White "Klepek, Witold"]
[Black "Lai, Duc Minh"]
[Result "0-1"]
[WhiteTitle "CM"]
[WhiteElo "2253"]
[BlackElo "2072"]
[WhiteFideId "1175068"]
[BlackFideId "12420387"]
[EventDate "2025.06.03"]

1. c4 c5 2. Nf3 g6 3. d4 cxd4 4. Nxd4 Nc6 5. Nc3 Bg7 6. Be3 Nf6 7. g3 Ng4 8.
Nxc6 Nxe3 9. Nxd8 Nxd1 10. Rxd1 Bxc3+ 11. bxc3 Kxd8 12. Bg2 Kc7 13. c5 Rb8 14.
O-O b6 15. cxb6+ Rxb6 16. Rd4 d6 17. Rfd1 Be6 18. Ra4 a6 19. f4 Rc8 20. Kf2 Kb8
21. Rd3 Ka7 22. Bf3 Rb2 23. a3 Rc7 24. Ke3 Bc4 25. Rd2 Rb3 26. Rb4 Rxa3 27. Rdb2
Bb5 28. Kf2 Raxc3 29. Ra2 Kb6 30. h4 Rc2 31. Ra1 R7c4 32. Rb3 R4c3 33. Rb4 f5
34. h5 Kc5 35. Rbb1 Rd3 36. hxg6 hxg6 37. Rh1 Rdd2 38. Rae1 a5 39. Rh6 a4 40.
Rxg6 a3 41. Re6 a2 42. Rxe7 Kb4 43. Ra7 Ba4 44. Ke3 Rb2 45. Ra1 Rdc2 46. g4 fxg4
47. Bd5 Rxe2+ 48. Kd3 Red2+ 49. Ke4 Bc2+ 50. Ke3 Rxd5 51. R1xa2 Rxa2 52. Rxa2
Bf5 53. Rb2+ Kc3 54. Rb8 Rd3+ 55. Ke2 Rf3 56. Rc8+ Kd4 57. Rd8 d5 58. Ra8 Rxf4
59. Ra4+ Ke5 60. Ra3 Re4+ 61. Kf2 Kf4 62. Kg2 d4 63. Kf1 Re3 64. Ra4 Rd3 65. Ke2
g3 66. Ra8 g2 67. Rg8 Rg3 68. Kf2 g1=Q+ 69. Ke2 Re3+ 70. Kd2 Qe1# 0-1

[Event "Titled Tue 3rd Jun Early"]
[Site "chess.com INT"]
[Date "2025.06.03"]
[Round "11"]
[White "Zhou, Yuxu"]
[Black "Mayta Aiza, Maveric"]
[Result "0-1"]
[WhiteTitle "CM"]
[BlackTitle "CM"]
[WhiteElo "2087"]
[BlackElo "2184"]
[WhiteFideId "8626421"]
[BlackFideId "3307336"]
[EventDate "2025.06.03"]

1. d4 d5 2. c4 e6 3. Nf3 c5 4. cxd5 exd5 5. Nc3 Nf6 6. Bg5 Be6 7. e3 Nc6 8. Be2
Be7 9. O-O O-O 10. dxc5 h6 11. Bh4 Bxc5 12. Rc1 Be7 13. Nd4 Nxd4 14. Qxd4 Qd7
15. Bb5 Qd8 16. Rfd1 a6 17. Be2 Qd7 18. Bf3 Rfd8 19. Na4 Qe8 20. Nb6 Rab8 21.
Bg3 Bd6 22. Bh4 Be7 23. Rc7 Bd6 24. Rc3 Ne4 25. Bxe4 dxe4 26. Bxd8 Rxd8 27. Qxe4
Bxh2+ 28. Kxh2 Rxd1 29. Rc8 Rd8 30. Rxd8 Qxd8 31. Qxb7 Qd2 32. Qa8+ Kh7 33. Qe4+
g6 34. Qf4 Qxb2 35. Na4 Qxa2 36. Nc5 a5 37. Ne4 Qb2 38. g4 Kg7 39. g5 hxg5 40.
Nxg5 Qf6 41. Qh4 Qe5+ 42. Kg1 Qa1+ 43. Kh2 Qe5+ 44. Kg1 a4 45. Nxe6+ Qxe6 46.
Qxa4 Qe5 47. Qg4 g5 48. Kg2 Kg6 49. Qf3 f5 50. Qc6+ Kh5 51. Qf3+ g4 52. Qa8 Kg5
53. Qg8+ Kh5 54. Qh7+ Kg5 55. Qg8+ Kh6 56. Qf8+ Kg6 57. Qg8+ Kh6 58. Qc4 Qd6 59.
Qe2 Qd5+ 60. Kg1 Kg5 61. Qa6 Qd1+ 62. Kg2 Qf3+ 63. Kg1 g3 64. Qf1 Kg4 65. Qg2
Qd1+ 66. Qf1 gxf2+ 67. Kxf2 Qf3+ 68. Kg1 Qxe3+ 69. Kg2 Qg3+ 70. Kh1 Qh3+ 71. Kg1
Qxf1+ 72. Kxf1 Kf3 73. Ke1 Ke3 0-1

[Event "Titled Tue 3rd Jun Early"]
[Site "chess.com INT"]
[Date "2025.06.03"]
[Round "11"]
[White "Kawka, Milena"]
[Black "Levitan, Caleb Levi"]
[Result "0-1"]
[WhiteTitle "WCM"]
[BlackTitle "FM"]
[WhiteElo "2004"]
[BlackElo "2333"]
[WhiteFideId "21095167"]
[BlackFideId "14332620"]
[EventDate "2025.06.03"]

1. e4 c5 2. Nf3 e6 3. d4 cxd4 4. Nxd4 Nf6 5. Nc3 Nc6 6. Nxc6 bxc6 7. e5 Nd5 8.
Ne4 Bb7 9. Be2 c5 10. Nd6+ Bxd6 11. exd6 O-O 12. O-O Qb6 13. c4 Nb4 14. Be3 Nc6
15. Qd2 Nd4 16. Rad1 Qc6 17. f3 e5 18. b4 Nxe2+ 19. Qxe2 cxb4 20. Rd5 Ba6 21.
Rc5 Qxd6 22. Rd1 Qe6 23. Rcd5 Rac8 24. Bc5 d6 25. Rxd6 Qxc4 26. Qxc4 Bxc4 27.
Bxb4 Bxa2 28. Ra6 Bc4 29. Rxa7 Rfe8 30. Rdd7 g6 31. Rdc7 Be6 32. Rxc8 Rxc8 33.
Bd6 f6 34. Re7 Bf7 35. Ra7 Re8 36. Be7 Kg7 37. Bd6 Re6 38. Bc5 f5 39. Ra8 Rc6
40. Bf8+ Kf6 41. Bb4 Bd5 42. Rf8+ Kg7 43. Re8 e4 44. Re7+ Kg8 45. Re8+ Kf7 46.
Rf8+ Kg7 47. Rd8 Bf7 48. Rd7 exf3 49. gxf3 Kf6 50. Rd6+ Rxd6 51. Bxd6 Bd5 52.
Bg3 g5 53. Kf2 f4 54. h4 fxg3+ 55. Kxg3 gxh4+ 56. Kg4 h5+ 57. Kxh4 Bxf3 58. Kh3
Bg4+ 59. Kh2 Kg5 60. Kh1 h4 61. Kg1 Bd7 62. Kh1 Kg4 63. Kh2 h3 64. Kg1 Kg3 65.
Kh1 Bc6+ 66. Kg1 h2+ 67. Kf1 h1=Q+ 68. Ke2 Qf3+ 69. Kd2 Be4 70. Ke1 Qc3+ 71. Kd1
Bf3# 0-1

[Event "Titled Tue 3rd Jun Early"]
[Site "chess.com INT"]
[Date "2025.06.03"]
[Round "11"]
[White "Huseynova, Lala"]
[Black "Dambaev, Dashi"]
[Result "0-1"]
[WhiteTitle "WFM"]
[BlackTitle "CM"]
[WhiteElo "2123"]
[BlackElo "2211"]
[WhiteFideId "13431781"]
[BlackFideId "55628494"]
[EventDate "2025.06.03"]

1. Nf3 Nf6 2. b3 d6 3. Bb2 e5 4. d3 Be7 5. Nbd2 O-O 6. e4 Nc6 7. Be2 Bg4 8. O-O
Qd7 9. h3 Be6 10. Ng5 a5 11. Nxe6 fxe6 12. a4 Rf7 13. Nf3 h6 14. Nh2 Raf8 15. c3
d5 16. exd5 exd5 17. d4 Ne4 18. Bg4 Qd6 19. Nf3 exd4 20. cxd4 Bf6 21. Re1 g6 22.
Ne5 Bxe5 23. dxe5 Qc5 24. Be6 Qxf2+ 25. Kh1 Qxb2 26. Qxd5 Nf2+ 27. Kh2 Kg7 28.
Bxf7 Rxf7 29. e6 Re7 30. Rab1 Qf6 31. Rf1 Qh4 32. Kg1 Ne4 33. Rbe1 Nf6 34. Qd2
Qd4+ 35. Qxd4 Nxd4 36. Re5 b6 37. Rd1 c5 38. Rd3 Rxe6 39. Rxe6 Nxe6 40. Rd6 Kf7
41. Rxb6 Nd4 42. Rb7+ Ke6 43. Ra7 Nxb3 44. Ra6+ Ke5 45. Kf2 c4 46. Ke3 Nd5+ 47.
Ke2 Kd4 48. Kd1 Kd3 49. Rd6 Ke4 50. Kc2 Nd4+ 51. Kb2 c3+ 52. Kc1 Nb4 53. Rd8
Nb3+ 54. Kd1 c2+ 55. Ke2 c1=Q 56. Re8+ Kf5 57. Rf8+ Ke6 58. Re8+ Kf7 59. Re3
Qc4+ 60. Kf3 Nd5 61. Re4 Qd3+ 62. Kf2 Qxe4 63. g3 Qe3+ 64. Kg2 Nd4 65. h4 Qf3+
66. Kh2 Ne2 67. g4 Qg3+ 68. Kh1 Qg1# 0-1

[Event "Titled Tue 3rd Jun Early"]
[Site "chess.com INT"]
[Date "2025.06.03"]
[Round "11"]
[White "Sturt, Raven"]
[Black "Ambartsumova, Karina"]
[Result "1-0"]
[WhiteTitle "GM"]
[BlackTitle "IM"]
[WhiteElo "2459"]
[BlackElo "2403"]
[WhiteFideId "2007304"]
[BlackFideId "4166299"]
[EventDate "2025.06.03"]

1. f4 Nf6 2. Nf3 d5 3. e3 g6 4. b3 Bg7 5. Bb2 O-O 6. Be2 b6 7. O-O Bb7 8. Ne5 c5
9. a4 a5 10. Na3 Nc6 11. Nb5 Nd7 12. Nxc6 Bxc6 13. Bxg7 Kxg7 14. Bf3 Nf6 15. Qc1
Qd7 16. Na3 Rfd8 17. Qb2 Rac8 18. Qe5 Kg8 19. Rae1 Qc7 20. d4 Qd6 21. Re2 cxd4
22. Qxd6 Rxd6 23. exd4 e6 24. Rd1 Kg7 25. Kf2 Rcd8 26. g4 h6 27. h4 Be8 28. g5
Ng8 29. Bg4 Ne7 30. Red2 h5 31. Bh3 Nc6 32. Bf1 Ne7 33. Bd3 Nc6 34. Nb5 R6d7 35.
Be2 Ne7 36. Bd3 Nc6 37. c3 Ne7 38. Rc2 Nc6 39. Rdc1 Re7 40. Be2 Rb7 41. Bd3 Re7
42. Na3 Rb7 43. Nb1 Rc7 44. Nd2 Ne7 45. Nf3 Rb8 46. Ne5 b5 47. Ra1 bxa4 48. bxa4
Rb3 49. Rac1 Ra3 50. c4 dxc4 51. Rxc4 Rxc4 52. Rxc4 Bxa4 53. Rc7 Nf5 54. Rxf7+
Kg8 55. Bxf5 exf5 56. Ra7 Ra2+ 57. Ke3 Ra3+ 58. Kd2 Be8 59. Ra8 Kf8 60. Nxg6+
Kf7 61. Ne5+ Ke7 62. g6 Ra2+ 63. Kc3 Rg2 64. Ra7+ Kf6 65. Rxa5 Bxg6 66. Ra6+ Kg7
67. Rxg6+ Kh8 68. Rxg2 Kh7 69. d5 1-0